[Event "RUS-Cup03 Geller Memorial"]
[Site "Moscow"]
[Date "1999.02.12"]
[Round "3"]
[White "Grigoriants, Sergey"]
[Black "Dragomarezkij, Evgeni"]
[Result "1-0"]
[WhiteElo "2313"]
[BlackElo "2486"]
[Annotator "Mueller,Karsten"]
[PlyCount "69"]
[EventDate "1999.02.10"]
[EventType "swiss"]
[EventRounds "9"]
[EventCountry "RUS"]
[SourceTitle "CBM 070"]
[Source "ChessBase"]
[SourceDate "1999.06.08"]
[SourceVersion "1"]
[SourceVersionDate "1999.06.08"]
[SourceQuality "1"]

1. e4 {Alterman,B} c6 2. d4 d5 3. exd5 cxd5 4. c4 Nf6 5. Nc3 e6 6. Nf3 Be7 7.
cxd5 Nxd5 8. Bc4 Nxc3 9. bxc3 Qc7 10. Qd3 (10. Qe2 O-O (10... a6 11. Bd2 b5 12.
Bd3 Nd7 13. O-O Bb7 14. a4 bxa4 15. Rxa4 O-O 16. c4 $14 {0-1 Morphy-Tillmann,M/
Varna ol 1962 (31)}) 11. O-O Nd7 12. Bb2 (12. Re1 $5 Nb6 13. Bb3 Qxc3 14. Bd2
Qc7 15. Rac1 Qd6 16. Qe4 $44 {1-0 Christiansen,L-Kuczynski,R/BL9697
Porz-Erfurt 1997/BL9697 (28)} (16. Qe4 {Alterman,B} Bf6 17. Bf4 Qa3 18. Rc5 Nd5
19. Bxd5 exd5 20. Rxd5 Be6 21. Ng5 Bxg5 22. Rxg5 Bxa2 23. Be5 g6 24. Bf6 Rfc8
25. Rc5 Qb4 26. h4 Be6 27. Qe3 Rxc5 28. Qh6 {1-0 Christiansen,L-Kuczynski,R/
BL9697 GER 1997/BL9697})) 12... b6 $5 (12... Nf6 $6 13. Bd3 b6 (13... Nd5 $5
14. Qc2 h6) 14. Ne5 Bb7 15. f4 $14 {1-0 Psakhis,L-Porper,E/Israel (ch) 1996/
Inf 68/[Psakhis,L] (51)} (15. f4 g6 (15... Nd5 {Tsesarsky} 16. f5 Nxc3 17. Qh5
Ne4 18. fxe6 fxe6 19. Qg4 Ng5 20. h4 Nf7 21. Rxf7 Rxf7 22. Nxf7 Kxf7 23. Qh5+
$18) 16. c4 $36 {1-0 Psakhis,L-Porper,E/ISR-ch Jerusalem 1996/CBM 56/[Psakhis]
(50)})) 13. Bd3 Bb7 14. c4 Rfe8 $11 {(Psakhis in Inf 68) 1/2-1/2 Alterman,
B-Khlian,E/Rostov op 1993 (46) Alterman,B: 'without any troubles .'} (14... Bf6
15. a4 a5 16. Nd2 Rac8 17. Ne4 Bxe4 18. Qxe4 g6 19. Rab1 Rfd8 20. Rfd1 Nb8 21.
Bf1 Nc6 22. d5 Bxb2 23. Rxb2 Nb4 24. Rbd2 {1/2-1/2 O'Kelly de Galway,
A-Trifunovic,P/Palma de Mallorca 1966/EXT 97})) (10. Bb5+ $6 Bd7 11. Bxd7+ Nxd7
12. Qb3 O-O $15 {(Psakhis in Inf 68)} (12... O-O {Alterman,B} 13. O-O Nb6 14.
Ne5 Bf6 $15 {1/2-1/2 Remus,H-Love,W/Calchess 1993 (45)})) 10... Nd7 (10... Nc6
{Alterman,B} 11. O-O O-O 12. Bb3 Bd7 13. Bc2 g6 14. Re1 Rac8 15. Bh6 Rfe8 16.
Re3 Nb4 17. Qd2 Nd5 18. Rae1 Nxe3 19. Rxe3 f6 20. Bb3 Bf8 21. Bxf8 Kxf8 22. d5
Qd6 23. Rd3 Bb5 24. Rd4 e5 25. Rb4 $19 {Mandl,R-Kaiser,W/BL8586 1986/BL 80/0-1
(50)}) 11. O-O O-O 12. Bb3 (12. Bg5 Bxg5 13. Nxg5 Nf6 14. Rae1 Bd7 15. Bb3 h6
$11 {(Psakhis in CBM 56) 1/2-1/2 Fritz3-Kasparov,G/Munich Intel 1994 (47)
Alterman,B: '1/2-1/2 Fritz3-Kasparov,G/Munich Intel 1994 (47)'}) 12... Rd8 $5 {
[%mdl 32] räumt einerseits das Feld f8 für den Springer, so daß die
Rochadestellung nicht durch Bauernzüge geschächt werden muß und bereitet
andererseits Gegenspiel gegen die "hängenden Bauern" c3-d4 vor.} (12... Nf6 {
Alterman,B} 13. Bg5 b6 14. Bc2 g6 15. Rfe1 Bb7 16. Bb3 Rac8 17. Rac1 Rfd8 18.
Ne5 Nd5 19. Bd2 Bd6 20. h4 Re8 21. Qh3 b5 22. h5 Qe7 23. hxg6 hxg6 24. Re2 Qf6
25. Ng4 Qh8 26. Nh6+ Kf8 27. Bxd5 Bxd5 28. Qh4 Rc7 {ZÜ 0-1 Beyer,C-Brem,S/
OLWuert 1995/GER 12}) 13. Bc2 Nf8 14. Ne5 $146 (14. Re1 b6 15. Bd2 Bb7 16. Ne5
Bd6 17. Qh3 Rac8 $11 {0-1 Garcia,R-Guimard,C/Buenos Aires 1968/MCD-r6 (31)} (
17... Rac8 {Alterman,B} 18. f4 b5 19. Re3 b4 20. Qh5 g6 21. Qh6 bxc3 22. f5
exf5 23. Be1 Bxe5 24. dxe5 Rd2 $19 {0-1 Garcia,R-Guimard,C/Buenos Aires 1968/
MCD-r6 (31)})) (14. Ng5 h6 15. Nf3 Bd7 16. Ne5 Be8 (16... Rac8 $5) 17. Qg3 f6
18. Ng4 $6 (18. Bxh6 $5 Bd6 19. f4 $13) 18... Qxg3 19. hxg3 Rac8 $15 {/-/+ 1/
2-1/2 Kelecevic,N-Hresc,V/JUG-ch Vrbas 1982/MCD-ch (37)}) 14... Bd7 15. Bb2 (
15. Nxd7 $6 Rxd7 {gibt Weiß zwar das Läuferpaar, doch beschleunigt es das
schwarze Gegenspiel am Damenflügel so stark, daß eher Schwarz besser steht.})
15... Be8 {nun ist der Königsflügel befestigt, und die Aktionen am Damenflügel
können losgehen. Ich glaube, daß Schwarz trotz des weißen Übergewichts im
Zentrum nicht schlechter steht.} 16. Qh3 (16. c4 $2 {Alterman,B} f6 $1) 16...
b5 17. Rac1 Qb6 18. Rfe1 Rac8 19. Bb3 Rc7 (19... a5 $5) (19... Ng6 {Alterman,B}
20. Nxg6 hxg6 21. Rxe6 $18) (19... a5 $1 {Alterman,B} 20. a3 Bf6 21. Ng4 (21.
f4 b4) 21... Bg5 22. Rcd1 Ng6 $132) 20. c4 {'?!' Alterman,B.} bxc4 21. Nxc4 Qb7
22. Ne3 $6 {Alterman,B: 'White's idea to play d5 and open position for his
bishops,but black position are very safe.'} (22. Qg3 Ng6 23. Ne5 $11 {/=/+})
22... Rxc1 23. Rxc1 Ba4 $1 24. d5 $6 {erhöht das weiße Angriffspotential,
dürfte objektiv aber nicht korrekt sein.} (24. Qg3 $142 Bxb3 $140 25. axb3 Qxb3
$2 26. Nf5 $18) 24... Bxb3 25. axb3 (25. Qg3 Ng6 26. axb3 exd5 27. Nf5 Bf8 28.
h4 Rc8 {und die weiße Kompensation sollte nicht ausreichen.}) 25... f6 (25...
Qxb3 $2 26. Bxg7 $40) (25... exd5 $5 {sieht zwar gefährlich aus, doch habe ich
für Weiß keinen überzeugenden Weg gefunden, z.B.} 26. Nf5 (26. Bxg7 $2 Kxg7 27.
Nf5+ Kh8 28. Qh6 Ne6 $19) 26... Ne6 27. Qg3 (27. Bxg7 $2 Nxg7 28. Qg3 Bf8 29.
Nh6+ Kh8 30. Rc7 Qa6 $1 $19) 27... d4 28. Bxd4 Rxd4 29. Nxd4 Nxd4 30. Qe5 Ne6
$17) 26. dxe6 Qxb3 27. Bc3 Nxe6 (27... Rd3 $5 {und}) (27... Qxe6 $5 {waren
weitere interessante Kandidaten.}) 28. Ba5 Re8 29. Qh5 {Alterman,B: 'White
lost the pawn, and has only practical chance to save the game.'} Rb8 30. h4 (
30. Nd5 Bc5 $17) 30... Nf4 $6 {'?' Alterman,B. in der Folge fällt Schwarz
seinem eigenen Trick zum Opfer.} (30... Qa3 {war sicherer.}) (30... Bf8 $1 {
Alterman,B}) 31. Qg4 $1 Qa3 (31... Ng6 32. Bc7 $1 $132 (32. Qd7 {Alterman,B}
Qa3)) 32. Rc7 Qxa5 $2 (32... Ng6 $142 $1) (32... Qa1+ {Alterman,B} 33. Kh2 Ng6
34. Nf5 Qe5+ 35. f4) 33. Rxe7 $18 g5 (33... Ng6 34. Qe6+ Kh8 35. Re8+ $18) 34.
Nf5 (34. Qd7 $18) 34... Qd5 {'?' Alterman,B.} (34... Kh8 35. hxg5 fxg5 36. Qd1
$18) (34... Nd5 35. Rd7 (35. Rg7+ Kh8 36. Qh5 Qe1+ 37. Kh2 Qe5+) 35... Qe1+ 36.
Kh2 Nb6 (36... Qe5+ {Alterman,B} 37. g3 $18) 37. Rg7+ Kh8 38. Re7 $18) 35. hxg5
1-0

[Event "Match/Team URS-World 20,5-19,5"]
[Site "Belgrade"]
[Date "1970.03.31"]
[Round "2.9"]
[White "Najdorf, Miguel"]
[Black "Tal, Mihail"]
[Result "1-0"]
[WhiteElo "2570"]
[BlackElo "2590"]
[Annotator "Najdorf/Tal"]
[PlyCount "99"]
[EventDate "1970.03.29"]
[EventType "team"]
[EventRounds "4"]
[EventCountry "YUG"]
[SourceTitle "MCL"]
[Source "ChessBase"]
[SourceDate "1999.07.01"]
[SourceVersion "1"]
[SourceVersionDate "1999.07.01"]
[SourceQuality "1"]
[WhiteTeam "World"]
[BlackTeam "Soviet Union"]
[BlackTeamCountry "URS"]
[TimeControl "40/9000:16/5400:0"]

1. Nf3 Nf6 2. c4 e6 3. Nc3 d5 4. d4 c5 5. cxd5 Nxd5 6. e3 Nc6 7. Bc4 cxd4 (7...
Be7 8. Bxd5 exd5 9. dxc5 {Tal=:T}) 8. exd4 Be7 9. O-O O-O 10. Re1 Nxc3 (10...
Nf6 {Najdorf=:N}) 11. bxc3 b6 12. Bd3 Bb7 13. Qc2 g6 (13... h6 $2 14. Qe2 {N})
14. Bh6 (14. Qd2 {N}) 14... Re8 15. Qd2 (15. Bb5 {Botvinnik-Szabo/Groningen/
1946}) (15. h4 Bxh4 16. d5 Qxd5 17. Nxh4 Qh5 {T}) 15... Rc8 (15... Bf6 16. Qf4
Bg7 17. Ng5 {T}) 16. h4 $146 (16. Rac1 Qc7 17. h4 Na5 18. Ng5 Nc4 19. Bxc4 Qxc4
20. Qf4 Bxg5 21. Bxg5 h5 22. Qg3 f5 23. Bf4 Kf7 24. Be5 Rg8 25. Qg5 Bd5 26. Qh6
Ke8 27. Qh7 {1-0 (27) Portisch,L-O'Kelly de Galway,A Malaga 1964}) 16... Na5 (
16... Bxh4 17. Nxh4 Qxh4 18. Bg5 $40 {+- N/T}) 17. Ng5 (17. h5 Bxf3 18. gxf3
Qd5 19. hxg6 hxg6 20. Be4 Qh5 21. Kg2 Nc4 22. Qc1 Ba3 23. Qf4 Bd6 $10 {N}) (17.
Ne5 Bxh4 {T}) 17... Bf8 18. Bxf8 Rxf8 19. h5 (19. Re3 Nc4 20. Bxc4 Rxc4 21. Rg3
e5 $1 {N}) 19... Nc4 (19... Rxc3 20. Qxc3 (20. hxg6 Rxd3 $1) 20... Qxg5 21. Be4
Bxe4 22. Rxe4 Qxh5 23. Re5 {T}) 20. Bxc4 (20. Qf4 h6 $1 (20... Nb2 21. hxg6
hxg6 22. Qh4 $18 {T}) 21. Nh3 (21. Ne4 g5 22. Qg3 Qc7 {T} 23. Qf3 f5 24. Bxc4
Qxc4 25. Nf6+ Rxf6 26. Qxb7 Rc7 $17) (21. Nxe6 fxe6 22. Qxh6 Qf6 $1 {N} 23. Re2
Qg7 {T}) 21... g5 22. Qg3 Nb2) 20... Rxc4 21. hxg6 hxg6 22. Qf4 {P 23. h4 P
e1-e3-h3 T} Qd5 (22... Kg7 $2 23. Qxf7+ $1 {N}) 23. f3 (23. Ne4 Qf5 {T}) 23...
Kg7 24. Ne4 (24. Re5 Qd7 25. Kf2 Rh8 26. Rae1 Bd5 27. R5e3 Qc7 $10 {N}) 24...
Qf5 {Najdorf offered a draw. Tal refused.} (24... f6 25. Kf2 {N} (25. Nd6 e5 $1
)) 25. Qg3 (25. Qxf5 gxf5 26. Nd6 Rc7 27. Nxb7 Rxb7 28. d5 $1 {T}) 25... Bxe4
26. fxe4 Qa5 (26... Qh5 27. Re3 Rh8 28. Rf1 {N}) 27. Re3 Rfc8 28. Rf1 (28. Rc1
Rxd4 {T}) 28... Rxc3 29. Ref3 $1 {N} R8c7 (29... Rxf3 30. Qxf3 Rf8) 30. Qf4 $1
{N} Kg8 (30... Rd7 31. Rxc3 Qxc3 32. Qe5+ Kg8 33. Qb8+ Kh7 34. Qh2+ $10 {T})
31. Qd6 $1 {T} (31. Qf6 Rd7 {T}) 31... Rxf3 (31... Qg5 $1 {N} 32. Rxc3 Rxc3 33.
Qb8+ Kg7 34. Qxa7 $10 {N} Qe3+ 35. Kh1 $1 {T} (35. Kh2 Qg3+ 36. Kh1 Rc7)) 32.
Qd8+ $1 (32. Rxf3 Rc1+ 33. Kh2 {T}) 32... Kg7 33. Rxf3 {P 34. c7, 34. f6, h3
+- N} Qe1+ 34. Kh2 Rc3 35. Qf6+ Kh6 36. Qf4+ Kh7 (36... Kh5 37. g4+ Kh4 38.
Qh6+ Kxg4 39. Rf4# {T}) 37. Qxf7+ Kh6 38. Qf4+ Kh7 (38... Kh5 39. g4+ Kh4 40.
Qh6+ $18 {N}) 39. Qf7+ Kh6 40. Qf8+ Kh5 $18 {adjourned} 41. Qh8+ Kg5 42. Qe5+
Kh6 43. Qf4+ Kh7 44. Rf1 Qe2 (44... Qe3 45. Qh4+ Kg7 (45... Qh6 46. Rf7+ {T})
46. Rf4 $1 {N/T}) 45. Qf7+ Kh6 46. Qf8+ Kh5 (46... Kg5 47. Qf6+ Kh5 48. Qe5+
Kh6 49. Rf4 Qe1 50. Rg4 Kh7 51. Qf6 $18 {N}) 47. Rf4 Qe1 48. Qh8+ Kg5 49. Qe5+
Kh6 50. Rg4 1-0

[Event "Wunsiedel op 7th"]
[Site "Wunsiedel"]
[Date "2013.05.10"]
[Round "5"]
[White "Peralta, Fernando"]
[Black "Kunin, Vitaly L"]
[Result "1-0"]
[WhiteElo "2626"]
[BlackElo "2503"]
[Annotator "Peralta,F"]
[PlyCount "109"]
[EventDate "2013.05.09"]
[EventType "swiss"]
[EventRounds "7"]
[EventCountry "GER"]
[SourceTitle "CBM 155"]
[Source "ChessBase"]
[SourceDate "2013.07.16"]
[SourceVersion "1"]
[SourceVersionDate "2013.07.16"]
[SourceQuality "1"]

1. d4 Nf6 2. c4 e6 3. Nc3 d5 4. cxd5 Nxd5 5. Nf3 {Entering into the
Semi-Tarrasch Defence and avoiding a fashionable line.} ({An option is} 5. e4
Nxc3 6. bxc3 c5 7. a3 {played in the recent game Svidler - Kramnik, Candidates
2013.}) 5... c5 6. e3 Nc6 7. Bc4 cxd4 8. exd4 Nxc3 ({The normal move order is} 
8... Be7 9. O-O O-O {and only after} 10. Re1 {Black fixes the hanging pawns
with} Nxc3 (10... b6 $6 {is a known mistake since the game Botvinnik -
Alekhine, AVRO 1938 that followed} 11. Nxd5 $1 exd5 12. Bb5 {with an edge for
white}) 11. bxc3 {in order to develop the bishop with} b6) 9. bxc3 Be7 10. Bd3
$5 {An attempt to take some advantage of the move order chosen by Black.} ({
White has nearly always played} 10. O-O O-O 11. Re1 {simply transposing to the
line of the previous comment.}) 10... O-O 11. Qc2 $1 {This forces a weakness
in Black's castled position.} ({If} 11. h4 {Black would have several good
replies like} e5 (11... Qa5) ({or} 11... h6)) 11... g6 $6 $146 ({I could only
find one game with this position in my database and it continued} 11... h6 {
and now White should have played} 12. O-O ({instead of} 12. h4 e5 $1) 12... Bd7
{The bishop should defend e6 in order to answer Qe2-e4 with f7-f5.} (12... b6
$6 13. Qe2) 13. Bf4 ({or} 13. Qe2) 13... Rc8 14. Qd2 {and Black has to reckon
with the sacrifice of the bishop on h6 so I prefer White's position.}) 12. h4 {
The logical follow-up. White's plan is simply to sacrifice the bishop on g6 in
a couple of moves.} f5 {During the game I realised this was a mistake but now
I can see that White has an edge with other responses too.} (12... e5 13. h5
Qd6 {seemed to me the best, but after} 14. hxg6 (14. d5 {allows the extra
possibility} e4 $5 15. Bxe4 f5) 14... fxg6 (14... hxg6 $2 15. Qd2 $1 {is
hopeless for Black}) 15. d5 {Play may continue} Na5 16. Bh6 $1 (16. Ng5 $2 Bxg5
17. Bxg5 Bf5) 16... Re8 (16... Rf5 17. Qa4 $1) (16... Rd8 17. Ng5) 17. Kf1 {
and Ra1-e1 or other quiet continuations.} ({but not} 17. Qa4 $2 Bd7 $1 18. Qxa5
e4 $1)) ({It is very dangerous to allow the sacrifice of the bishop by playing
} 12... Bf6 13. h5 Bg7 (13... Ne7 14. hxg6 hxg6 15. Ng5 Bg7 $2 16. Nh7 Re8 17.
Bg5 $1) 14. hxg6 hxg6 15. Bxg6 {(White can also consider other preparatory
moves like 15.Ba3, 15.Ng5 or 15.Bh6)} fxg6 16. Qxg6 Rxf3 $1 (16... Qf6 17. Qh7+
Kf7 18. Ng5+ $1 Ke7 (18... Ke8 19. Ne4 $1) 19. Ba3+ Kd8 20. Ne4 Qf5 (20... Qf7
21. Bxf8 Qxf8 22. Rh3) 21. Qxg7 Qxe4+ 22. Kf1 Re8 23. Rh7 Qf4 24. g3 $18) 17.
gxf3 Qf6 18. Qh7+ Kf7 19. Bh6 Bd7 20. Bxg7 Qxg7 21. Kd2 {with a strong attack
even after the exchange of queens.}) 13. Bh6 ({It would have been smart to
settle with the weaknesses caused and start playing positionally with} 13. Bg5
Bd7 14. O-O Rc8 15. Qd2 {with a plus due to Black's weak squares.}) 13... Re8
14. Qd2 $2 {Too optimistic!} (14. O-O Bxh4 15. Nxh4 Qxh4 16. Qd2 $44 {was a
good option.}) ({But if I wanted to insist on playing for mate I should have
played} 14. h5 g5 15. g4 $1 Qd5 16. Rh3 $1 {with a very complicated and risky
game.}) 14... Bf6 $1 {Now Black is ready to advance e6-e5 with good
counterplay.} 15. Ng5 {Played after lengthy thought. I decided to stop e6-e5
and continue with my dangerous strategy.} ({Black is ok after} 15. h5 e5 16.
Bc4+ Be6 17. d5 (17. Bxe6+ Rxe6 18. d5 Rd6) 17... Na5) (15. O-O-O Bd7 $1 16. h5
Rc8 {and both kings are in danger. Play can follow} 17. hxg6 hxg6 (17... Nxd4
$2 18. Nxd4 Bxd4 19. Bc2 $18) 18. Kb1 e5 $13) (15. Rd1 e5 16. Bc4+ Be6 (16...
Kh8 $2 17. Ng5 $1 exd4+ 18. Kf1) 17. d5 Na5 (17... Bf7 18. Ng5) 18. Bb5 Bd7 {
and again Black is doing fine.}) ({Finally} 15. Kf1 e5 16. Ng5 Qd5 $1 17. Qe2
Na5) 15... Bg7 $2 {A bad move. Now White gains control of the situation again.}
({Black should have played} 15... Qd5 $1 {and if} 16. f4 (16. O-O e5 17. Rab1
$13 {is more cautious and better}) 16... b5 $1 {with immediate counterplay on
White's pawn chain.}) 16. Bxg7 Kxg7 17. f4 {The advance e6-e5 is ruled out and
White has a free hand on the king's wing.} ({However there was another good
solution involving the sacrifice of a piece:} 17. h5 $5 h6 18. Nf7 $1 Kxf7 19.
hxg6+ Ke7 $1 (19... Kg8 20. Rxh6 $1 {followed by 21.0-0-0 should be winning}
Qf6 21. O-O-O Ne7 22. Rdh1 (22. g4) 22... Nxg6 23. R1h5) (19... Kxg6 20. Qxh6+
Kf7 21. Qh7+ Kf8 22. Qg6 Ke7 23. Rh7+ Kd6 24. Qg3+ e5 25. O-O-O {and Black's
king is trapped under fire}) 20. Rxh6 Rh8 (20... Kd7 21. Rh7+ Re7 22. O-O-O)
21. g4 $5 {with a very complicated struggle to come where white has the upper
hand.}) 17... h6 18. Nf3 Bd7 19. h5 Qf6 20. hxg6 {At this moment I was ready
to push g2-g4 and open lines for the attack but my opponent replied
tenaciously:} Rh8 $1 (20... Qxg6 21. g4 $1) (20... Ne7 21. g4) 21. Kf2 Be8 22.
Rag1 Ne7 (22... h5 {would have stopped g2-g4 but anyway after} 23. Ng5 Bxg6 24.
Re1 Rae8 25. Rh3 {Black's position becomes critical.}) 23. g4 $1 (23. Ne5 h5 $1
{and White's knight has been diverted from g5.}) 23... fxg4 (23... Bc6 24. g5 (
24. Rxh6 $2 fxg4) 24... hxg5 25. fxg5 Qf8 26. Qe3 $18) 24. Rxg4 Bc6 25. Ne5 $1
{This is the key move by which White avoids the exchange of this powerful
knight.} (25. Rh5 {was the normal move but after} Bxf3 26. Kxf3 Rac8 27. Be4
$16 {I think that the position is not so easy to crack.} Rc7) 25... Rac8 (25...
Bxh1 $2 26. Nd7 {traps the queen and if} h5 27. Nxf6 $1 hxg4 28. Qe1 $1) (25...
h5 26. Rg5 Bxh1 (26... Nd5 27. Rh4 ({or} 27. f5)) (26... Raf8 27. Rhxh5 Qxf4+
28. Qxf4 Rxf4+ 29. Kg3 {and the attack continues.}) 27. Nd7 Qxg5 28. fxg5 {
and White's queen is entering into the attack through Black's weak squares.}
Nxg6 $2 29. Bxg6 Kxg6 30. Qf4) 26. Rh5 $18 {White has an overwhelming
advantage. Now it is time to attack the h6 point.} Be8 27. Rgh4 Ng8 28. Ng4 Qd8
29. Qe3 ({The direct} 29. f5 exf5 30. Nxh6 Nxh6 31. Rxh6 {I rejected because of
} Qxh4+ 32. Rxh4 Rxh4 {but it would have been decisive due to} 33. Qg5) 29...
Qd6 ({If} 29... Rxc3 30. Qe5+ Nf6 31. Rxh6 Rxh6 32. Rxh6 Rxd3 33. Rh7+ $18) 30.
c4 ({Once again there was a final stroke with} 30. f5 exf5 31. Nxh6 Nxh6 32.
Rxh6 Bxg6 {and now simply} 33. Rxh8 Rxh8 34. Rxh8 Kxh8 35. Qh6+ Kg8 36. Bc4+)
30... Rd8 {At this moment I completely lost control of the position. We had
little time left to reach the time control in the fortieth move (there was no
increment per move) and I didn't want to allow any counterplay. But it is not
difficult to realise that the check on b2 which Black has in some lines is not
dangerous.} 31. Qe5+ $4 {Now Black is in the game again.} (31. d5 Qb6 32. c5
Qb2+ 33. Kg3 {was very clear (and there were other continuations too) and
Black is defenceless, for example} exd5 34. Rh2 Qa1 35. Rh1 Qb2 36. R5h2 Qc3
37. Rc1 {finally forcing Black's queen to leave the long diagonal.}) 31... Qxe5
32. Rxe5 Rxd4 33. Ke3 Rxd3+ $5 {An interesting attempt to mess things up in
the time trouble.} ({It would have been better however to play} 33... Rd6 34.
c5 Rc6 35. Be4 ({is more accurate} 35. f5 $16) 35... Ra6 (35... Rc7 36. Rxe6
Bd7 (36... Rxc5 $2 37. f5) 37. Re5 Bxg4 38. Rxg4 $16) 36. Bxb7 Ra3+ $1 {
and White is better but only after the complications starting with} 37. Kd4 Ne7
38. Rxh6 $1) 34. Kxd3 Ne7 35. Rc5 $1 {Fortunately after this move I can reach
the time control without having to make any dificcult move.} (35. Rxe6 $2 Nxg6
{was a clever trap planned by Black.}) 35... Bxg6+ 36. Kc3 Nc6 37. Ne5 Be8 (
37... Nxe5 38. fxe5 {doesn't help either.}) 38. Nxc6 Bxc6 39. Re5 Kf7 40. Reh5
Kg6 {Now half an hour was added to our clocks. The endgame looks won due to
the weaknesses of the black squares that will allow White's king to invade and
organise an attack.} 41. Re5 ({I could have played} 41. Kd4 {directly.}) 41...
Kf7 42. Kd4 Rd8+ 43. Ke3 Rh8 44. Reh5 Kg6 45. Kd4 Bf3 46. Ra5 a6 47. Ra3 Rd8+
48. Ke5 Be2 49. Re3 $1 {Exerting a kind of domination over the bishop.} Bf1 ({
The pawn cannot be taken:} 49... Bxc4 50. f5+) 50. Re1 Bd3 51. Rd1 $2 {This
doesn't spoil anything but it is inaccurate.} (51. Rg1+ $1 Kh7 (51... Kf7 52.
Rxh6) 52. Rd1 {was correct with the same idea.}) 51... b5 $1 52. Rg1+ $1 ({
It was not too late to spoil the game with} 52. cxb5 $4 Kf7 $1 {threatening
mate.} 53. Rxd3 (53. f5 Rd5+ 54. Kf4 Rxf5+ 55. Ke3 Bxb5 {is better but should
be drawn}) 53... Rxd3 54. bxa6 Rd5+ 55. Ke4 Ra5 {with a draw.}) 52... Kf7 ({
\/Black loses after} 52... Kh7 53. Kf6 Rf8+ 54. Ke7 Rc8 (54... Rf5 55. Rhg4)
55. Kf7 Rc7+ 56. Kf6 {(threatening 57.Rxh6!)} Be2 57. cxb5 axb5 58. Re1 Bf3 59.
Rxe6 {etc.}) 53. Rxh6 bxc4 54. Rf6+ Ke8 55. Kxe6 1-0

[Event "Copenhagen K41"]
[Site "Copenhagen"]
[Date "1995.??.??"]
[Round "3"]
[White "Petursson, Margeir"]
[Black "Schandorff, Lars"]
[Result "1-0"]
[WhiteElo "2535"]
[BlackElo "2450"]
[Annotator "Petursson,M"]
[PlyCount "121"]
[EventDate "1995.06.??"]
[EventType "tourn"]
[EventRounds "9"]
[EventCountry "DEN"]
[EventCategory "10"]
[SourceTitle "CBM 048"]
[Source "ChessBase"]
[SourceDate "1995.10.01"]
[SourceVersion "1"]
[SourceVersionDate "1995.10.01"]
[SourceQuality "1"]

1. c4 c6 2. e4 d5 3. exd5 cxd5 4. cxd5 Nf6 5. Nc3 Nxd5 6. Nf3 Nc6 7. d4 e6 8.
Bc4 Be7 9. O-O O-O 10. Re1 a6 11. Qd3 $5 Nxc3 12. bxc3 Na5 13. Bb3 Nxb3 14.
axb3 $14 b5 15. Qe4 $1 Rb8 16. Ne5 Bb7 17. Qg4 Kh8 (17... Rc8 18. Re3 {/\} Kh8
19. Rg3 Bf6 20. Bh6 gxh6 21. Qg8+ Rxg8 22. Nxf7#) (17... Bf6 $142) 18. Re3 f6
19. Ng6+ $1 hxg6 20. Qxe6 f5 21. Qxe7 Qd5 22. Rg3 Rbe8 23. Qh4+ Kg8 24. Bf4 $16
Re6 25. b4 Qe4 26. h3 Kf7 27. Qg5 Qd5 28. Be5 Rh8 29. Qf4 Qe4 (29... Rxh3 $2
30. c4 bxc4 31. Ra5 Rxe5 32. Qxe5 $18) 30. Qd2 Qd5 31. Qf4 Qe4 32. Qc1 Qd5 (
32... Rxh3 33. f3) 33. Kh2 Rc8 34. Qg5 Rh8 35. Qf4 Qe4 36. Qd2 Qd5 37. Re1 Rh5
38. Rg5 Rh4 39. Re3 Re8 40. Reg3 Re6 41. f3 $1 Rxe5 42. Rxg6 Rh7 43. Qg5 Re7
44. Rxg7+ (44. Rf6+ Kg8 $13) 44... Rxg7 45. Qxg7+ Ke8 46. Qh8+ Kd7 47. Qb8 $2 (
47. h4 $1 $16) 47... Qc6 $1 48. Qf8 Qe6 $2 (48... Qxc3 49. Qxf5+ Kc7 50. Qf4+
Kd7 $13) 49. h4 $1 Bd5 50. Rg7 $1 Rxg7 51. Qxg7+ Ke8 52. h5 f4 53. h6 Qf7 54.
Qe5+ Kf8 55. Kh3 $1 $18 Kg8 56. Kg4 Be6+ 57. Kg5 Qe7+ 58. Qf6 Qxf6+ 59. Kxf6
Bc4 60. Kg5 Kh7 61. Kxf4 1-0